| 000 | 00916nam a2200265 a 4500 | ||
|---|---|---|---|
| 001 | 000027388 | ||
| 003 | DO-SdBNP | ||
| 005 | 20240409111009.0 | ||
| 008 | 110331s1986 dr 000 0 spa d | ||
| 040 |
_aDO-SdBNP _bspa _cBPMSU |
||
| 082 | 4 |
_a863.6 _bC245m 1986 _222 |
|
| 100 | 1 |
_aCapó Bonnafours, Eduardo _d1906-1976 |
|
| 245 | 1 | 0 |
_aMedina del mar Caribe : _bseminovela / _cEduardo Capó Bonnafours ; prólogo María Ugarte. |
| 250 | _a2a ed. | ||
| 260 |
_cSanto Domingo : _bSociedad Dominicana de Bibliófilos ; _fEditora CENAPEC, _c1986 |
||
| 300 |
_a231 p. ; _c21 cm. |
||
| 490 | 0 |
_aSociedad Dominicana de Bibliófilos ; _aCultura dominicana |
|
| 590 | _aInventariado, 2024/VM | ||
| 650 | 4 | _aNovela histórica española | |
| 650 | 4 | _aLiteratura española | |
| 700 | 1 |
_aUgarte, María _epról. |
|
| 710 | 2 | _aSociedad Dominicana de Bibliófilos | |
| 910 | _aVMateo V. Control de calidad. BPMSU | ||
| 942 |
_2ddc _cBK |
||
| 999 |
_c14621 _d14621 |
||